000 00669nam a2200229Ia 4500
005 20250508164639.0
008 008 250505s9999 xx 000 0 eng d
020 _a978-0-7879-8790-9
037 _aTextual
040 _aFEDL
_beng
_cFEDL
041 _aeng
_2eng
084 _a371.2, MUR
_qFEDL
100 _aMurphy Joseph Ed.
_9778735
245 0 _aEducational administration: A decade of reform
260 _aThousand Oaks, Calfornia
_bCorwin Press
_c1999
300 _axix,283p.
365 _aUSD
_b35.95
650 _aSchool management
700 _a Forsyth Patrick B Ed.
_9778736
942 _cTEXL
_h371.2, MUR
999 _c1390317
_d1390317